Treble Piccolo - Statistics

Statistiche generali
  • Questo quiz è stato fatto 11 volte
  • Il punteggio medio è 4 su 5
Statistiche sulle risposte
Nazione Stagione del Treble piccolo Squadra % Corretto
Portogallo 2002-2003 Porto
100%
Portogallo 2010-2011 Porto
100%
Turchia 1999-2000 Galatasaray
82%
Russia 2004-2005 CSKA Mosca
73%
Svezia 1981-1982 IFK Göteborg
45%
Nessun quiz corrispondente trovato
Distribuzione punteggi
Percentuale di utenti per punteggio
Percentile per numero di risposta
I tuoi punteggi nel tempo
Non hai fatto questo quiz